Letter Pair: BC Quiz Stats

Quiz Updated Mar 30, 2012

Challenge
Share
Tweet
Embed
Score 0/17 Timer 04:00
5 Plays Today
Hint Answer % Correct
It may be considered bad luck if one of these crosses your pathBlack Cat
93.2%
The only Canadian province on the Pacific OceanBritish Columbia
88.8%
Contraception or some other means of preventing pregnancyBirth Control
81.8%
Eastern Conference NBA teamBoston Celtics
81.1%
Who comes to mind when you think of Jell-O, Pudding, Heathcliff Huxtable and 'I Spy'Bill Cosby
74.6%
He looked 'Mahvalous' as Harry in 'When Harry Met Sally'Billy Crystal
72.4%
This Nickelodeon TV shows gives you three hints to find the indigo pooch, we just give you oneBlue's Clues
69.7%
Roquefort, Gorgonzola and Stilton for exampleBlue Cheese
66.9%
Energetic dog breed often used in sheepdog trialsBorder Collie
56.1%
Hint Answer % Correct
American sportscaster and long-time NBC host for the OlympicsBob Costas
49.7%
He partnered with Bob Hope in the 'Road to' movies and has 3 stars on the Hollywood Walk of FameBing Crosby
38.9%
Madonna was born here, the 'Rollers' were notBay City
36.2%
She was the lead singer of The Go-Gos, apparently she 'Got the Beat'Belinda Carlisle
34.4%
Emmy winning star of 'Malcolm in the Middle' and 'Breaking Bad'Bryan Cranston
31.6%
English rock group with the singles 'Can't Get Enough' and 'Feel Like Making Love'Bad Company
28.5%
Sometimes Green Day gives themselves the creeps according to this song from the album 'Dookie'Basket Case
27%
Berkeley Breathed's comic strip featuring Bill the Cat, Opus, and Steve DallasBloom County
15.1%

You're not logged in!

Compare scores with friends on all Sporcle quizzes.
Join for Free
OR
Log In

You Might Also Like...

Show Comments

Extras

Top Quizzes Today


Score Distribution

Your Account Isn't Verified!

In order to create a playlist on Sporcle, you need to verify the email address you used during registration. Go to your Sporcle Settings to finish the process.

Report this User

Report this user for behavior that violates our Community Guidelines.

Details: